000 00666nam a2200217 4500
003 LK-CoMWRAF
005 20231229010926.0
008 231228b |||||||| |||| 00| 0 eng d
020 _a955846421x
040 _aLK-CoMWRAF
_dLK-CoMWRAF
_eLK-CoMWRAF
041 _atam
082 _a894.8113
_bDIA
100 _aடயஸ், சிட்னி மார்கஸ்
_v Dias, Sydney Marcus
245 _aஆப்த நண்பர்கள்
260 _aAnamaduwa:
_bThothanna,
_c2007
300 _a97 p.
650 _aTAMIL FICTION
650 _aChildren's fiction
700 _aபாஹிம், எம். எஸ்.
_yFahim, M.S.
_etrans.
942 _cBK
999 _c4580
_d4580